Predkladacia správa správcu dane a jej obsah

Správca dane je prvým subjektom, ktorý sa oboznamuje s podaným odvolaním daňového subjektu. Preto je jeho primárnou právnou povinnosťou posúdiť obsah podaného odvolania. Taktiež musí správca dane dôkladne zvážiť, či rozhodne o podanom odvolaní daňového subjektu v rámci autoremedúry v danom prípade....

Descrizione completa

Salvato in:
Dettagli Bibliografici
Autore principale: Hrtánek, Ladislav
Natura: Capitolo di libro
Lingua:slovacco
Soggetti:
Tags: Aggiungi Tag
Nessun Tag, puoi essere il primo ad aggiungerne!!

MARC

LEADER 00000naa a2200000 4500
001 0299691
005 20240426112254.5
041 0 |a slo 
044 |a SK 
245 1 0 |a Predkladacia správa správcu dane a jej obsah  |c Ladislav Hrtánek 
520 |a Správca dane je prvým subjektom, ktorý sa oboznamuje s podaným odvolaním daňového subjektu. Preto je jeho primárnou právnou povinnosťou posúdiť obsah podaného odvolania. Taktiež musí správca dane dôkladne zvážiť, či rozhodne o podanom odvolaní daňového subjektu v rámci autoremedúry v danom prípade. Pokiaľ sa tak však nestane, tak je správca dane povinný vyhotoviť predkladaciu správu. Predkladacia správa musí obsahovať jednotlivé obligatórne obsahové súčasti a predkladá sa odvolaciemu orgánu oprávnenému rozhodovať o podanom odvolaní daňového subjektu. 
610 2 0 |a správa daňová 
610 2 0 |a subjekty daňové 
610 2 0 |a dane 
610 2 0 |a konanie daňové 
610 2 0 |a poriadok daňový 
610 2 0 |a odvolanie 
610 2 0 |a zákony 
610 2 0 |a legislatíva 
100 1 |a Hrtánek, Ladislav